[Event "DFMMLV 2019"]
[Site "Braunfels"]
[Date "2019.06.21"]
[Round "3.52"]
[White "Pavlov, Liliane"]
[Black "Roesler, Hannah Clara Hed"]
[Result "0-1"]
[WhiteElo "1619"]
[BlackElo "1638"]
[Annotator "NA"]
[PlyCount "84"]
[EventDate "2019.06.20"]
[EventType "team-tourn"]
[EventCountry "GER"]
[SourceTitle "playchess.com"]
[Source "ChessBase"]
[SourceQuality "1"]
[WhiteTeam "Bayern 2"]
[BlackTeam "Wuerttemberg 2"]
[TimeControl "40/5400+30:1800+30"]

1. d4 {[%emt 0:00:00]} Nf6 {[%emt 0:00:00]} 2. c4 {[%emt 0:00:00]} c5 {[%emt 0:00:36]} 3. d5 {[%emt 0:01:30]} b5 {[%emt 0:00:15]} 4. cxb5 {[%emt 0:01:52]} a6 {[%emt 0:00:47]} 5. bxa6 {[%emt 0:04:45]} Bxa6 {[%emt 0:01:37]} 6. Nc3 {[%emt 0:02:19]} g6 {[%emt 0:01:08]} 7. g3 {[%emt 0:02:47]} d6 {[%emt 0:03:44]} 8. Bg2 {[%emt 0:06:05]} Bg7 {[%emt 0:02:17]} 9. Nf3 {[%emt 0:01:25]} O-O {[%emt 0:02:05]} 10. O-O {[%emt 0:00:25]} Nbd7 {[%emt 0:03:01]} 11. h3 {[%emt 0:05:37]} Qa5 {[%emt 0:08:02]} 12. Bd2 {[%emt 0:04:25]} Rfb8 {[%emt 0:09:15]} 13. Rb1 {[%emt 0:04:03]} Qc7 {[%emt 0:09:21]} 14. b3 {[%emt 0:07:56]} Nb6 {[%emt 0:04:46]} 15. Ne1 {[%emt 0:03:49]} Qb7 {[%emt 0:04:27]} 16. Be3 {[%emt 0:03:04]} Ne8 {[%emt 0:03:50]} 17. Bd2 {[%emt 0:01:55]} Nc7 {[%emt 0:02:29]} 18. Nc2 {[%emt 0:01:19]} Qc8 {[%emt 0:06:47]} 19. Re1 {[%emt 0:04:26]} f5 {[%emt 0:00:32]} 20. e4 {[%emt 0:02:53]} fxe4 {[%emt 0:01:00]} 21. Nxe4 {[%emt 0:02:33]} Bb7 {[%emt 0:03:59]} 22. Bc3 {[%emt 0:10:53]} Bxd5 {[%emt 0:03:38]} 23. Bxg7 {[%emt 0:02:32]} Kxg7 {[%emt 0:00:26]} 24. Nc3 {[%emt 0:00:19]} Bxg2 {[%emt 0:02:28]} 25. Kxg2 {[%emt 0:01:20]} Qd7 {[%emt 0:02:00]} 26. b4 {[%emt 0:03:37]} c4 {[%emt 0:04:11]} 27. Qd4+ {[%emt 0:00:47]} e5 {[%emt 0:01:15]} 28. Qh4 {[%emt 0:02:19]} Rf8 {[%emt 0:02:38]} 29. Ne3 {[%emt 0:01:49]} Qc6+ {[%emt 0:04:13]} 30. Kg1 {[%emt 0:00:47]} Rae8 {[%emt 0:00:38]} 31. Ne4 {[%emt 0:01:36]} d5 {[%emt 0:01:22]} 32. Ng5 {[%emt 0:01:45]} h6 {[%emt 0:01:30]} 33. Ng4 {[%emt 0:04:17]} hxg5 {[%emt 0:01:24]} 34. Qh6+ {[%emt 0:00:08]} Kg8 {[%emt 0:00:44]} 35. Nxe5 {[%emt 0:00:39]} Rxe5 {[%emt 0:01:52]} 36. Rxe5 {[%emt 0:00:21]} Qf6 {[%emt 0:00:34]} 37. Rxg5 {[%emt 0:01:10]} Qxf2+ {[%emt 0:00:30]} 38. Kh1 {[%emt 0:00:07]} Qf3+ {[%emt 0:01:20]} 39. Kh2 {[%emt 0:01:01]} Qe2+ {[%emt 0:02:42]} 40. Kg1 {[%emt 0:00:37]} Qe3+ {[%emt 0:01:08]} 41. Kg2 {[%emt 0:32:19]} Rf2+ {[%emt 0:32:28]} 42. Kg1 {[%emt 0:00:23]} Rb2+ {[%emt 0:01:23]} 0-1

[Event "DFMMLV 2019"]
[Site "Braunfels"]
[Date "2019.06.21"]
[Round "3.53"]
[White "Hoeglauer, Jenny"]
[Black "Schaefer, Ann-Kathrin"]
[Result "0-1"]
[WhiteElo "1703"]
[BlackElo "1714"]
[Annotator "NA"]
[PlyCount "48"]
[EventDate "2019.06.20"]
[EventType "team-tourn"]
[EventCountry "GER"]
[SourceTitle "playchess.com"]
[Source "ChessBase"]
[SourceQuality "1"]
[WhiteTeam "Wuerttemberg 2"]
[BlackTeam "Bayern 2"]
[TimeControl "40/5400+30:1800+30"]

1. e4 {[%emt 0:00:00]} c5 {[%emt 0:00:00]} 2. Nc3 {[%emt 0:00:00]} a6 {[%emt 0:00:00]} 3. a4 {[%emt 0:00:00]} b6 {[%emt 0:00:00]} 4. f4 {[%emt 0:00:05]} Bb7 {[%emt 0:00:13]} 5. Bc4 {[%emt 0:00:54]} e6 {[%emt 0:00:39]} 6. d3 {[%emt 0:04:10]} d5 {[%emt 0:03:58]} 7. exd5 {[%emt 0:00:38]} exd5 {[%emt 0:00:38]} 8. Qe2+ {[%emt 0:00:39]} Be7 {[%emt 0:00:50]} 9. Bb3 {[%emt 0:00:58]} Nf6 {[%emt 0:05:03]} 10. Nf3 {[%emt 0:01:35]} Nc6 {[%emt 0:01:15]} 11. O-O {[%emt 0:03:29]} O-O {[%emt 0:03:06]} 12. Ne5 {[%emt 0:04:42]} Nd4 {[%emt 0:13:19]} 13. Qf2 {[%emt 0:01:05]} Nxb3 {[%emt 0:02:43]} 14. cxb3 {[%emt 0:00:06]} d4 {[%emt 0:00:59]} 15. Ne2 {[%emt 0:03:38]} Bd5 {[%emt 0:10:29]} 16. Nc4 {[%emt 0:03:35]} b5 {[%emt 0:06:34]} 17. axb5 {[%emt 0:04:28]} axb5 {[%emt 0:00:45]} 18. Rxa8 {[%emt 0:00:06]} Bxa8 {[%emt 0:00:16]} 19. Na3 {[%emt 0:04:27]} Qd7 {[%emt 0:02:59]} 20. Nc2 {[%emt 0:14:07]} b4 {[%emt 0:12:59]} 21. Bd2 {[%emt 0:09:11]} Qd5 {[%emt 0:03:17]} 22. Nc1 {[%emt 0:01:45]} Bd6 {[%emt 0:09:36]} 23. Re1 {[%emt 0:03:56]} Nh5 {[%emt 0:01:26]} 24. g3 {[%emt 0:03:29]} Qe5 0-1

[Event "DFMMLV 2019"]
[Site "Braunfels"]
[Date "2019.06.21"]
[Round "3.54"]
[White "Weber, Leonora"]
[Black "Zell, Mirjam"]
[Result "0-1"]
[WhiteElo "1712"]
[BlackElo "1660"]
[Annotator "NA"]
[PlyCount "79"]
[EventDate "2019.06.20"]
[EventType "team-tourn"]
[EventCountry "GER"]
[SourceTitle "playchess.com"]
[Source "ChessBase"]
[SourceQuality "1"]
[WhiteTeam "Bayern 2"]
[BlackTeam "Wuerttemberg 2"]
[TimeControl "40/5400+30:1800+30"]

1. e4 {[%emt 0:00:00]} e5 {[%emt 0:00:00]} 2. Nf3 {[%emt 0:00:00]} Nc6 {[%emt 0:00:00]} 3. Bc4 {[%emt 0:00:00]} Bc5 {[%emt 0:00:14]} 4. c3 {[%emt 0:00:00]} Nf6 {[%emt 0:00:47]} 5. d4 {[%emt 0:00:00]} exd4 {[%emt 0:06:28]} 6. cxd4 {[%emt 0:00:04]} Bb4+ {[%emt 0:00:20]} 7. Bd2 {[%emt 0:00:07]} Bxd2+ {[%emt 0:10:57]} 8. Nbxd2 {[%emt 0:00:09]} d6 {[%emt 0:00:56]} 9. O-O {[%emt 0:06:16]} O-O {[%emt 0:01:11]} 10. e5 {[%emt 0:16:47]} dxe5 {[%emt 0:02:58]} 11. dxe5 {[%emt 0:00:08]} Ng4 {[%emt 0:02:08]} 12. Re1 {[%emt 0:15:45]} Re8 {[%emt 0:04:48]} 13. Re2 {[%emt 0:02:53]} Ngxe5 {[%emt 0:09:12]} 14. Nxe5 {[%emt 0:00:47]} Rxe5 {[%emt 0:01:54]} 15. Nf3 {[%emt 0:36:18]} Qxd1+ {[%emt 0:02:14]} 16. Rxd1 {[%emt 0:00:12]} Rxe2 {[%emt 0:00:07]} 17. Bxe2 {[%emt 0:00:07]} Be6 {[%emt 0:03:49]} 18. a3 {[%emt 0:01:48]} a6 {[%emt 0:01:38]} 19. Nd4 {[%emt 0:01:44]} Nxd4 {[%emt 0:01:36]} 20. Rxd4 {[%emt 0:00:02]} Kf8 {[%emt 0:02:46]} 21. Bf3 {[%emt 0:01:16]} Rb8 {[%emt 0:01:07]} 22. Rb4 {[%emt 0:01:11]} b6 {[%emt 0:01:24]} 23. Rd4 {[%emt 0:01:54]} Ke7 {[%emt 0:03:10]} 24. Kf1 {[%emt 0:02:18]} Rd8 {[%emt 0:00:36]} 25. Rxd8 {[%emt 0:00:30]} Kxd8 {[%emt 0:00:05]} 26. Ke2 {[%emt 0:01:29]} Kd7 {[%emt 0:00:40]} 27. Kd3 {[%emt 0:01:39]} Kd6 {[%emt 0:02:24]} 28. Kd4 {[%emt 0:00:05]} c5+ {[%emt 0:00:36]} 29. Ke4 {[%emt 0:00:18]} Bd5+ {[%emt 0:00:08]} 30. Ke3 {[%emt 0:07:07]} Bxf3 {[%emt 0:00:08]} 31. gxf3 {[%emt 0:00:43]} Kd5 {[%emt 0:00:50]} 32. Kd3 {[%emt 0:00:01]} b5 {[%emt 0:06:38]} 33. f4 {[%emt 0:02:17]} a5 {[%emt 0:04:52]} 34. f3 {[%emt 0:00:26]} a4 {[%emt 0:01:17]} 35. Kc3 {[%emt 0:02:29]} g6 {[%emt 0:05:22]} 36. h3 h6 {[%emt 0:00:00]} 37. h4 {[%emt 0:00:00]} h5 {[%emt 0:00:00]} 38. Kd3 Ke6 39. Ke3 Kf5 {Ke4+} 40. b4 0-1

[Event "DFMMLV 2019"]
[Site "Braunfels"]
[Date "2019.06.21"]
[Round "3.55"]
[White "Zell, Hannah"]
[Black "Albayrak, Berrak"]
[Result "1/2-1/2"]
[WhiteElo "1473"]
[BlackElo "1491"]
[Annotator "NA"]
[PlyCount "80"]
[EventDate "2019.06.20"]
[EventType "team-tourn"]
[EventCountry "GER"]
[SourceTitle "playchess.com"]
[Source "ChessBase"]
[SourceQuality "1"]
[WhiteTeam "Wuerttemberg 2"]
[BlackTeam "Bayern 2"]
[TimeControl "40/5400+30:1800+30"]

1. e4 {[%emt 0:00:00]} d6 {[%emt 0:00:00]} 2. d4 {[%emt 0:00:00]} Nf6 {[%emt 0:00:00]} 3. Nc3 {[%emt 0:00:37]} g6 {[%emt 0:00:00]} 4. Nf3 {[%emt 0:01:17]} Bg7 {[%emt 0:00:04]} 5. Be3 {[%emt 0:01:37]} c6 {[%emt 0:01:47]} 6. h3 {[%emt 0:08:16]} Qc7 {[%emt 0:02:07]} 7. Qd2 {[%emt 0:03:36]} h5 {[%emt 0:06:02]} 8. Be2 {[%emt 0:03:13]} Nbd7 {[%emt 0:02:38]} 9. a3 {[%emt 0:03:09]} Nb6 {[%emt 0:04:37]} 10. O-O-O {[%emt 0:04:10]} Bd7 {[%emt 0:03:12]} 11. Nh2 {[%emt 0:03:24]} O-O-O {[%emt 0:02:41]} 12. f4 Kb8 13. Nf3 {[%emt 0:10:08]} Nh7 {[%emt 0:23:47]} 14. Kb1 {[%emt 0:04:24]} f6 {[%emt 0:07:07]} 15. Qc1 {[%emt 0:11:07]} e5 {[%emt 0:09:53]} 16. dxe5 {[%emt 0:09:36]} dxe5 {[%emt 0:01:19]} 17. fxe5 {[%emt 0:03:08]} fxe5 {[%emt 0:00:24]} 18. Ng5 {[%emt 0:00:31]} Nxg5 {[%emt 0:03:02]} 19. Bxg5 {[%emt 0:00:24]} Rde8 {[%emt 0:02:41]} 20. Rhf1 {[%emt 0:02:19]} Be6 {[%emt 0:02:56]} 21. Qd2 {[%emt 0:02:48]} Nc4 {[%emt 0:08:54]} 22. Bxc4 {[%emt 0:03:00]} Bxc4 {[%emt 0:00:05]} 23. Rf2 {[%emt 0:01:08]} Rhf8 {[%emt 0:05:14]} 24. Rxf8 {[%emt 0:08:19]} Bxf8 {[%emt 0:01:40]} 25. Qd7 {[%emt 0:02:56]} Qxd7 {[%emt 0:01:28]} 26. Rxd7 {[%emt 0:00:08]} Kc8 {[%emt 0:02:26]} 27. Rd2 {[%emt 0:00:30]} Be7 {[%emt 0:02:18]} 28. Bxe7 {[%emt 0:05:17]} Rxe7 {[%emt 0:00:05]} 29. b3 {[%emt 0:00:29]} Be6 {[%emt 0:00:54]} 30. Rf2 {[%emt 0:00:26]} Rf7 {[%emt 0:02:34]} 31. Nd1 {[%emt 0:02:04]} g5 {[%emt 0:01:42]} 32. Kc1 {[%emt 0:02:56]} Rxf2 {[%emt 0:01:11]} 33. Nxf2 {[%emt 0:00:07]} Kd7 {[%emt 0:00:11]} 34. Kd2 {[%emt 0:03:37]} Kd6 {[%emt 0:00:59]} 35. Kc3 {[%emt 0:01:45]} a5 {[%emt 0:01:21]} 36. g3 {[%emt 0:00:40]} h4 {[%emt 0:00:46]} 37. g4 {[%emt 0:00:14]} b5 {[%emt 0:01:13]} 38. b4 {[%emt 0:00:53]} a4 {[%emt 0:00:17]} 39. Nd3 {[%emt 0:00:42]} Bc4 {[%emt 0:00:38]} 40. Kd2 {[%emt 0:00:32]} Ke6 {[%emt 0:00:54]} 1/2-1/2

[Event "DFMMLV 2019"]
[Site "Braunfels"]
[Date "2019.06.21"]
[Round "3.56"]
[White "Metzner, Anita"]
[Black "Krotsch, Maxi"]
[Result "1-0"]
[WhiteElo "1524"]
[BlackElo "942"]
[Annotator "NA"]
[PlyCount "67"]
[EventDate "2019.06.20"]
[EventType "team-tourn"]
[EventCountry "GER"]
[SourceTitle "playchess.com"]
[Source "ChessBase"]
[SourceQuality "1"]
[WhiteTeam "Bayern 2"]
[BlackTeam "Wuerttemberg 2"]
[TimeControl "40/5400+30:1800+30"]

1. d4 {[%emt 0:00:00]} d5 {[%emt 0:00:00]} 2. c4 {[%emt 0:00:00]} e6 {[%emt 0:00:02]} 3. Nc3 {[%emt 0:00:49]} Nf6 {[%emt 0:00:31]} 4. Nf3 {[%emt 0:01:59]} c5 {[%emt 0:01:19]} 5. cxd5 {[%emt 0:02:53]} exd5 {[%emt 0:00:29]} 6. Bg5 {[%emt 0:05:19]} Be7 {[%emt 0:00:30]} 7. Bxf6 {[%emt 0:04:30]} Bxf6 {[%emt 0:00:46]} 8. dxc5 {[%emt 0:04:46]} d4 {[%emt 0:01:09]} 9. Ne4 {[%emt 0:02:59]} Qa5+ {[%emt 0:00:45]} 10. Qd2 {[%emt 0:07:06]} Qxd2+ {[%emt 0:01:24]} 11. Nfxd2 {[%emt 0:09:56]} Be5 {[%emt 0:00:58]} 12. Nc4 {[%emt 0:06:30]} Bc7 {[%emt 0:00:28]} 13. Ned6+ {[%emt 0:01:23]} Bxd6 {[%emt 0:00:32]} 14. Nxd6+ {[%emt 0:00:56]} Kd7 {[%emt 0:00:14]} 15. O-O-O {[%emt 0:12:13]} Nc6 {[%emt 0:00:22]} 16. Nf5 {[%emt 0:01:53]} Ke8 {[%emt 0:00:24]} 17. Nxd4 {[%emt 0:00:24]} Ne5 {[%emt 0:00:34]} 18. e3 {[%emt 0:01:54]} Be6 {[%emt 0:00:51]} 19. Nxe6 {[%emt 0:01:30]} fxe6 {[%emt 0:00:14]} 20. Bb5+ {[%emt 0:00:56]} Kf7 {[%emt 0:00:23]} 21. Rd4 {[%emt 0:03:54]} Rac8 {[%emt 0:01:22]} 22. b4 {[%emt 0:02:41]} a6 {[%emt 0:00:20]} 23. Be2 {[%emt 0:02:02]} Nc6 {[%emt 0:00:25]} 24. Rd7+ {[%emt 0:00:12]} Ke8 {[%emt 0:00:51]} 25. Rxb7 {[%emt 0:00:32]} a5 {[%emt 0:00:39]} 26. a3 {[%emt 0:01:47]} Nd8 {[%emt 0:00:26]} 27. Rxg7 {[%emt 0:01:45]} axb4 {[%emt 0:00:10]} 28. axb4 {[%emt 0:00:38]} Nc6 {[%emt 0:00:11]} 29. b5 {[%emt 0:01:45]} Nb4 {[%emt 0:00:18]} 30. c6 {[%emt 0:02:32]} Na2+ {[%emt 0:00:48]} 31. Kb2 {[%emt 0:00:23]} Nb4 {[%emt 0:00:43]} 32. Ra1 {[%emt 0:01:15]} Rf8 {[%emt 0:00:25]} 33. Raa7 {[%emt 0:00:37]} Rd8 {[%emt 0:02:30]} 34. Rae7# {[%emt 0:00:40]} 1-0

[Event "DFMMLV 2019"]
[Site "Braunfels"]
[Date "2019.06.21"]
[Round "4"]
[White "Nagel, Verena"]
[Black "Sokalskaja, Elena"]
[Result "0-1"]
[WhiteElo "2029"]
[BlackElo "2014"]
[Annotator "NA"]
[PlyCount "78"]
[EventDate "2019.06.20"]
[EventType "team-tourn"]
[EventCountry "GER"]
[SourceTitle "playchess.com"]
[Source "ChessBase"]
[SourceQuality "1"]
[WhiteTeam "Sachsen"]
[BlackTeam "NRW"]
[TimeControl "40/5400+30:1800+30"]

1. d4 {[%emt 0:00:00]} Nf6 {[%emt 0:00:00]} 2. Nf3 {[%emt 0:00:00]} g6 {[%emt 0:00:00]} 3. e3 {[%emt 0:00:00]} Bg7 {[%emt 0:00:00]} 4. b3 {[%emt 0:00:09]} c5 {[%emt 0:00:00]} 5. Bd3 {[%emt 0:00:19]} Nc6 {[%emt 0:00:11]} 6. Bb2 {[%emt 0:00:17]} O-O {[%emt 0:00:07]} 7. O-O {[%emt 0:00:45]} cxd4 {[%emt 0:06:11]} 8. exd4 {[%emt 0:00:18]} d5 {[%emt 0:01:29]} 9. Nbd2 {[%emt 0:00:14]} Nb4 {[%emt 0:01:29]} 10. Be2 {[%emt 0:00:41]} Bf5 {[%emt 0:00:08]} 11. c3 {[%emt 0:01:34]} Nd3 {[%emt 0:04:03]} 12. Bxd3 {[%emt 0:01:49]} Bxd3 {[%emt 0:00:02]} 13. Re1 {[%emt 0:00:07]} Rc8 {[%emt 0:03:08]} 14. Ne5 {[%emt 0:02:35]} Bf5 {[%emt 0:04:29]} 15. g4 {[%emt 0:06:58]} Be6 {[%emt 0:00:21]} 16. g5 {[%emt 0:03:55]} Nh5 {[%emt 0:00:49]} 17. Qf3 {[%emt 0:01:33]} b5 {[%emt 0:07:51]} 18. Ba3 {[%emt 0:03:25]} Rc7 {[%emt 0:03:29]} 19. Bc5 {[%emt 0:02:17]} Qc8 {[%emt 0:00:14]} 20. b4 {[%emt 0:00:22]} f6 {[%emt 0:04:36]} 21. gxf6 {[%emt 0:02:33]} Rxf6 {[%emt 0:03:04]} 22. Qd3 {[%emt 0:03:01]} Nf4 {[%emt 0:00:23]} 23. Qxb5 {[%emt 0:00:35]} Nh3+ {[%emt 0:00:03]} 24. Kh1 {[%emt 0:00:14]} Nxf2+ {[%emt 0:10:26]} 25. Kg1 {[%emt 0:00:07]} Nh3+ {[%emt 0:05:35]} 26. Kh1 {[%emt 0:02:11]} Nf2+ {[%emt 0:04:11]} 27. Kg1 {[%emt 0:00:08]} Bh6 {[%emt 0:09:58]} 28. Nf1 {[%emt 0:12:39]} Nh3+ {[%emt 0:03:02]} 29. Kh1 {[%emt 0:00:07]} Bf5 {[%emt 0:01:30]} 30. Ng3 {[%emt 0:08:31]} Be4+ {[%emt 0:01:42]} 31. Nxe4 {[%emt 0:04:15]} dxe4 {[%emt 0:00:04]} 32. Rf1 {[%emt 0:01:37]} Nf2+ {[%emt 0:02:27]} 33. Rxf2 {[%emt 0:06:44]} Rxf2 {[%emt 0:00:03]} 34. d5 {[%emt 0:03:28]} e3 {[%emt 0:00:47]} 35. Nd3 {[%emt 0:05:16]} Qh3 {[%emt 0:09:27]} 36. Nxf2 {[%emt 0:00:11]} Qf3+ {[%emt 0:00:03]} 37. Kg1 {[%emt 0:00:10]} Qxf2+ {[%emt 0:00:06]} 38. Kh1 {[%emt 0:00:04]} Bf4 {[%emt 0:00:12]} 39. Qb8+ {[%emt 0:01:58]} Kf7 {[%emt 0:00:09]} 0-1

[Event "DFMMLV 2019"]
[Site "Braunfels"]
[Date "2019.06.21"]
[Round "4"]
[White "Schmidt, Andrea"]
[Black "Just, Anita"]
[Result "1/2-1/2"]
[WhiteElo "2006"]
[BlackElo "1866"]
[Annotator "NA"]
[PlyCount "63"]
[EventDate "2019.06.20"]
[EventType "team-tourn"]
[EventCountry "GER"]
[SourceTitle "playchess.com"]
[Source "ChessBase"]
[SourceQuality "1"]
[WhiteTeam "NRW"]
[BlackTeam "Sachsen"]
[TimeControl "40/5400+30:1800+30"]

1. e4 {[%emt 0:00:00]} e6 {[%emt 0:00:00]} 2. d4 {[%emt 0:00:00]} d5 {[%emt 0:00:00]} 3. exd5 {[%emt 0:00:00]} exd5 {[%emt 0:00:00]} 4. Nf3 {[%emt 0:01:59]} Nc6 {[%emt 0:01:04]} 5. Bb5 {[%emt 0:04:07]} Bd6 {[%emt 0:02:30]} 6. c3 {[%emt 0:06:01]} Nge7 {[%emt 0:02:54]} 7. Bg5 {[%emt 0:02:45]} f6 {[%emt 0:03:20]} 8. Bh4 {[%emt 0:02:18]} Bg4 {[%emt 0:03:00]} 9. Bg3 {[%emt 0:01:01]} Qd7 {[%emt 0:03:32]} 10. Bxd6 {[%emt 0:05:02]} Qxd6 {[%emt 0:00:51]} 11. Nbd2 {[%emt 0:00:19]} O-O-O {[%emt 0:05:05]} 12. Qa4 {[%emt 0:01:42]} Qe6+ {[%emt 0:08:00]} 13. Kd1 {[%emt 0:00:45]} Kb8 {[%emt 0:01:26]} 14. Re1 {[%emt 0:02:20]} Bxf3+ {[%emt 0:03:10]} 15. Nxf3 {[%emt 0:00:22]} Qg4 {[%emt 0:02:48]} 16. Bf1 {[%emt 0:03:56]} Nc8 {[%emt 0:04:50]} 17. h3 Qf5 18. Qc2 {[%emt 0:01:35]} Qxc2+ {[%emt 0:04:20]} 19. Kxc2 {[%emt 0:00:06]} Nd6 {[%emt 0:00:29]} 20. Bd3 {[%emt 0:01:21]} Rde8 {[%emt 0:06:18]} 21. Nd2 {[%emt 0:05:22]} f5 {[%emt 0:05:19]} 22. g3 {[%emt 0:05:43]} g6 {[%emt 0:02:14]} 23. b4 {[%emt 0:04:01]} Kc8 {[%emt 0:03:47]} 24. Nf3 {[%emt 0:06:06]} Kd8 {[%emt 0:09:18]} 25. b5 {[%emt 0:02:48]} Na5 {[%emt 0:00:48]} 26. Ne5 {[%emt 0:01:43]} Re7 {[%emt 0:02:16]} 27. f4 {[%emt 0:05:48]} Rhe8 {[%emt 0:02:14]} 28. a4 {[%emt 0:02:33]} Ndc4 {[%emt 0:09:52]} 29. Bxc4 {[%emt 0:06:43]} Nxc4 {[%emt 0:00:31]} 30. a5 {[%emt 0:00:32]} Kc8 {[%emt 0:07:29]} 31. Reb1 {[%emt 0:07:01]} Re6 {[%emt 0:01:14]} 32. h4 1/2-1/2

[Event "DFMMLV 2019"]
[Site "Braunfels"]
[Date "2019.06.22"]
[Round "4.1"]
[White "Li, Zhuoling"]
[Black "Hess, Olena"]
[Result "1/2-1/2"]
[WhiteElo "2140"]
[BlackElo "2097"]
[Annotator "NA"]
[PlyCount "81"]
[EventDate "2019.06.20"]
[EventType "team-tourn"]
[EventCountry "GER"]
[SourceTitle "playchess.com"]
[Source "ChessBase"]
[SourceQuality "1"]
[WhiteTeam "Wuerttemberg 1"]
[BlackTeam "NRW"]
[TimeControl "40/5400+30:1800+30"]

1. e4 {[%emt 0:00:00]} d6 {[%emt 0:00:00]} 2. d4 {[%emt 0:00:00]} Nf6 {[%emt 0:00:00]} 3. Nc3 {[%emt 0:00:00]} e5 {[%emt 0:00:00]} 4. Nf3 {[%emt 0:00:00]} Nbd7 {[%emt 0:00:12]} 5. Bc4 {[%emt 0:00:00]} Be7 {[%emt 0:00:13]} 6. O-O {[%emt 0:00:06]} O-O {[%emt 0:00:13]} 7. a4 {[%emt 0:00:15]} c6 {[%emt 0:00:07]} 8. Re1 {[%emt 0:00:22]} Qc7 {[%emt 0:00:06]} 9. h3 {[%emt 0:01:42]} b6 {[%emt 0:00:25]} 10. d5 {[%emt 0:16:54]} Bb7 {[%emt 0:03:29]} 11. b3 {[%emt 0:15:22]} cxd5 {[%emt 0:10:08]} 12. exd5 {[%emt 0:02:00]} Nc5 {[%emt 0:06:01]} 13. Ba3 {[%emt 0:07:54]} Kh8 {[%emt 0:05:24]} 14. Qe2 {[%emt 0:09:34]} Rae8 {[%emt 0:19:01]} 15. Bc1 {[%emt 0:14:25]} Bc8 {[%emt 0:04:15]} 16. b4 {[%emt 0:08:26]} Ncd7 {[%emt 0:01:32]} 17. Bd2 {[%emt 0:03:04]} Bb7 {[%emt 0:04:02]} 18. a5 {[%emt 0:01:53]} bxa5 {[%emt 0:12:11]} 19. Rxa5 {[%emt 0:00:06]} Nb6 {[%emt 0:01:30]} 20. Bb3 {[%emt 0:00:07]} a6 {[%emt 0:01:50]} 21. Rea1 {[%emt 0:00:41]} Rc8 {[%emt 0:01:01]} 22. b5 {[%emt 0:01:27]} axb5 {[%emt 0:03:15]} 23. Nxb5 {[%emt 0:00:03]} Qd8 {[%emt 0:02:31]} 24. c4 {[%emt 0:00:02]} Nfd7 {[%emt 0:03:02]} 25. Be3 {[%emt 0:05:25]} Nc5 {[%emt 0:00:11]} 26. Bc2 {[%emt 0:00:42]} Nbd7 {[%emt 0:01:41]} 27. Nd2 {[%emt 0:02:05]} f5 {[%emt 0:12:12]} 28. f3 {[%emt 0:00:02]} Ra8 {[%emt 0:01:12]} 29. Rxa8 {[%emt 0:00:43]} Bxa8 {[%emt 0:00:02]} 30. Nb3 {[%emt 0:00:58]} Nxb3 {[%emt 0:04:50]} 31. Bxb3 {[%emt 0:00:01]} Bb7 {[%emt 0:00:51]} 32. Bc2 {[%emt 0:03:35]} g6 {[%emt 0:01:51]} 33. Qd2 {[%emt 0:01:09]} Nf6 {[%emt 0:01:22]} 34. Qf2 {[%emt 0:02:14]} Qd7 {[%emt 0:00:36]} 35. Nc3 {[%emt 0:01:10]} Ra8 {[%emt 0:00:12]} 36. Rxa8+ Bxa8 37. Ba4 {[%emt 0:01:19]} Qc8 {[%emt 0:00:24]} 38. Qa2 {[%emt 0:00:38]} Bb7 {[%emt 0:01:11]} 39. Qb3 {[%emt 0:02:16]} Kg7 {[%emt 0:00:14]} 40. Qb4 {[%emt 0:01:34]} h6 {[%emt 0:01:16]} 41. Nb5 {[%emt 0:31:39]} 1/2-1/2

[Event "DFMMLV 2019"]
[Site "Braunfels"]
[Date "2019.06.22"]
[Round "4.2"]
[White "Plass, Mariana-Camelia"]
[Black "Meier, Annemarie"]
[Result "0-1"]
[WhiteElo "2042"]
[BlackElo "2267"]
[Annotator "NA"]
[PlyCount "60"]
[EventDate "2019.06.20"]
[EventType "team-tourn"]
[EventCountry "GER"]
[SourceTitle "playchess.com"]
[Source "ChessBase"]
[SourceQuality "1"]
[WhiteTeam "NRW"]
[BlackTeam "Wuerttemberg 1"]
[TimeControl "40/5400+30:1800+30"]

1. d4 {[%emt 0:00:00]} Nf6 {[%emt 0:00:04]} 2. c4 {[%emt 0:00:00]} e6 {[%emt 0:00:42]} 3. Nf3 {[%emt 0:00:30]} b6 {[%emt 0:00:29]} 4. g3 {[%emt 0:00:29]} Ba6 {[%emt 0:00:21]} 5. Qc2 {[%emt 0:03:29]} Bb4+ {[%emt 0:03:42]} 6. Bd2 {[%emt 0:00:59]} Be7 {[%emt 0:00:17]} 7. Bg2 {[%emt 0:01:34]} c6 {[%emt 0:01:08]} 8. Ne5 {[%emt 0:09:09]} O-O {[%emt 0:03:27]} 9. O-O {[%emt 0:08:40]} Qc8 {[%emt 0:04:39]} 10. Bf4 {[%emt 0:03:52]} d6 {[%emt 0:00:57]} 11. Nd3 {[%emt 0:01:04]} d5 {[%emt 0:04:06]} 12. Nd2 {[%emt 0:05:20]} Rd8 {[%emt 0:03:56]} 13. c5 {[%emt 0:09:38]} bxc5 {[%emt 0:14:33]} 14. dxc5 {[%emt 0:01:08]} Nbd7 {[%emt 0:00:21]} 15. b4 {[%emt 0:08:16]} Nh5 {[%emt 0:01:06]} 16. e4 {[%emt 0:05:46]} Nxf4 {[%emt 0:07:35]} 17. gxf4 {[%emt 0:03:25]} Nf6 {[%emt 0:07:55]} 18. e5 {[%emt 0:10:41]} Nh5 {[%emt 0:01:37]} 19. f5 {[%emt 0:13:11]} exf5 {[%emt 0:00:56]} 20. f4 {[%emt 0:00:38]} g6 {[%emt 0:00:22]} 21. Nb3 {[%emt 0:00:36]} Ng7 {[%emt 0:06:13]} 22. Rf3 {[%emt 0:02:00]} Bxd3 {[%emt 0:00:31]} 23. Qxd3 {[%emt 0:00:29]} Ne6 {[%emt 0:00:37]} 24. Nd4 {[%emt 0:00:56]} a5 {[%emt 0:01:13]} 25. Nxe6 {[%emt 0:03:56]} fxe6 {[%emt 0:00:25]} 26. Qd4 {[%emt 0:00:43]} axb4 {[%emt 0:04:13]} 27. Qxb4 {[%emt 0:00:08]} Qb8 {[%emt 0:01:24]} 28. Qd4 {[%emt 0:00:44]} Ra5 {[%emt 0:01:07]} 29. Rc3 {[%emt 0:00:28]} Qb2 {[%emt 0:00:48]} 30. Rd1 {[%emt 0:03:54]} Rxa2 {[%emt 0:02:42]} 0-1